000
00204 a2200097 4500
001
10572
100
_a
Collins, A S
245
_a
Treasury of english prose.
260
_a
_b
U T P
_c
090
_c
8184
_d
8184
942
_a
NUST-CAE
_c
M
_c
34916
999
_c
245645
_d
245645